000 00437nam a2200157Ia 4500
008 240729s9999 xx 000 0 und d
022 _a2460-1578
245 0 _aIndonesian Journal of Chemistry
260 _aIndonesia
260 _bDepartment of Chemistry, Universitas Gadjah Mada
650 _a Chemistry
650 _aScience
856 _uhttps://doaj.org/toc/5f11a0c1739349fa89a0a121b51a35d6
942 _2ddc
942 _cDOAJEJ
999 _c69874
_d69874
945 _a1
_bMadushi Gamage
_c1
_dMadushi Gamage